000 00439nam a2200193Ia 4500
005 20240823035131.0
008 240823s9999||||xx |||||||||||||| ||und||
020 _a978-93-5029-087-3
041 _aENGLISH
082 _A823.91 Q3
100 _aAruna Chakravarti
245 0 _aJorasanko
250 _a1st
260 _c2013
_bHarper Collins Publi
500 _aISSUED
650 _aNovel
_bEnglish
942 _cBK
999 _c199961
_d199961